[Petició de la Diputació Provincial de Cataluña per reformar el pla d'Hisenda. Signada a Esparraguera el 15 de desembre de 1821].
Descripción Física:
[4] p. ; 29 cm
MARC
| LEADER | 00000nam a2200000Ia 4500 | ||
|---|---|---|---|
| 001 | 23572 | ||
| 008 | 160829s1821 xx 000 0 cat d | ||
| 080 | |a RF-17-37 | ||
| 245 | |a [Petició de la Diputació Provincial de Cataluña per reformar el pla d'Hisenda. Signada a Esparraguera el 15 de desembre de 1821]. | ||
| 260 | |a Esparraguera : |b [s.n.], |c 1821 | ||
| 300 | |a [4] p. ; |c 29 cm | ||
| 590 | |a Prové de 47. | ||
| 590 | |a Hi ha un duplicat a: DUP-73-54. | ||
| 650 | |a Impostos |x Espanya |9 25281 | ||
| 650 | |a Impostos |x Catalunya |9 48821 | ||
| 710 | 1 | |a Catalunya. |b Diputació Provincial |9 54288 | |
| 856 | 4 | |u https://media.diba.cat/diba/fitxers/arxiu/fulletons/bib_23572_1822_baixa.pdf |y Accés lliure | |
| 856 | 4 | |u https://media.diba.cat/diba/fitxers/arxiu/fulletons/bib_23572_1822_baixa.pdf |y Accés lliure | |
| 901 | |a Arxiu | ||
| 942 | |n 1 |2 udc | ||
| 952 | |0 0 |1 0 |4 0 |6 RF1737 |7 1 |9 55019 |a Arxiu |b Arxiu |d 2012-08-09 |l 0 |o RF-17-37 |p 23572 |r 2016-12-01 00:00:00 |w 2016-12-01 |y ARXIU | ||
| 999 | |c 58889 |d 58889 | ||
| 900 | |a bib_23572_1822_baixa.pdf | ||